|
|
|
|
| LEADER |
00000cam a22000004a 4500 |
| 001 |
musev2_5690 |
| 003 |
MdBmJHUP |
| 005 |
20230905040655.0 |
| 006 |
m o d |
| 007 |
cr||||||||nn|n |
| 008 |
120411r20122001cc o 00 0 eng d |
| 020 |
|
|
|a 9789882202061
|
| 020 |
|
|
|z 9789622095298
|
| 035 |
|
|
|a (OCoLC)651034340
|
| 040 |
|
|
|a MdBmJHUP
|c MdBmJHUP
|
| 043 |
|
|
|a a-cc-hk
|
| 050 |
|
4 |
|a HV580.C63
|b L82 2001
|
| 100 |
1 |
|
|a Lü, Dale.
|
| 245 |
1 |
0 |
|a Light the Darkness :
|b Story of the Hong Kong Red Cross, 1950-2000 /
|c Tai-lok Lui.
|
| 264 |
|
1 |
|a Hong Kong [China] :
|b Hong Kong University Press,
|c 2001
|
| 264 |
|
3 |
|a Baltimore, Md. :
|b Project MUSE,
|c 2012
|
| 264 |
|
4 |
|c ©2001
|
| 300 |
|
|
|a 1 online resource (116 pages):
|b col. ill., ports., digital file.
|
| 336 |
|
|
|a text
|b txt
|2 rdacontent
|
| 337 |
|
|
|a computer
|b c
|2 rdamedia
|
| 338 |
|
|
|a online resource
|b cr
|2 rdacarrier
|
| 500 |
|
|
|a Issued as part of book collections on Project MUSE.
|
| 504 |
|
|
|a Includes bibliographical references.
|
| 506 |
|
|
|a Access restricted to authorized users and institutions.
|
| 520 |
|
|
|a These are two 'stories of Hong Kong' which have developed in tandem. Indeed, the 50-year history of the Hong Kong Red Cross in promoting humanitarian work is a fitting testimony to the successful nurturing of the society of Hong Kong and its citizens into loving and caring human beings.
|
| 588 |
|
|
|a Description based on print version record.
|
| 610 |
2 |
0 |
|a Hong Kong Red Cross.
|
| 650 |
|
0 |
|a Red Cross and Red Crescent
|z China
|z Hong Kong
|x History.
|
| 651 |
|
0 |
|a Hong Kong (China)
|
| 655 |
|
7 |
|a Electronic books.
|2 local
|
| 710 |
2 |
|
|a Project Muse.
|
| 776 |
1 |
8 |
|i Print version:
|z 9789622095298
|z 9622095291
|z 9622095305
|
| 710 |
2 |
|
|a Project Muse.
|e distributor
|
| 830 |
|
0 |
|a Book collections on Project MUSE.
|
| 856 |
4 |
0 |
|z Texto completo
|u https://projectmuse.uam.elogim.com/book/5690/
|
| 945 |
|
|
|a Project MUSE - Custom Collection
|
| 945 |
|
|
|a Project MUSE - Archive Complete Foundation
|
| 945 |
|
|
|a Project MUSE - Archive History Foundation
|
| 945 |
|
|
|a Project MUSE - Archive Asian and Pacific Studies Foundation
|